| 000 | 01077nam a22002657a 4500 | ||
|---|---|---|---|
| 005 | 20170124103021.0 | ||
| 010 | _aA-649259 | ||
| 020 |
_c65.00 _a8185478279 |
||
| 035 | _aA-649259 | ||
| 037 | _bCen Lib/Ret | ||
| 040 |
_aDPL _bHN |
||
| 082 |
_aउ _bचावला |
||
| 100 |
_aचावला, हरचरण _960642 |
||
| 245 |
_aधूप एक चादर / _cहरचरण चावला ; अनुवादक खुर्शीद आलम |
||
| 246 |
_aDhoop ek chadar / _bby Harcharan Chawla ; anuvadak Khursheed Alam |
||
| 260 |
_aदिल्ली _bज्ञान भारती _c1993 |
||
| 270 |
_a4/14, रूपनगर _bदिल्ली _e110007 |
||
| 300 |
_a155पृ. _c17सेमी (सजिल्द) |
||
| 650 |
_aहिन्दी -- साहित्य _960643 |
||
| 650 |
_aहिन्दी -- उपन्यास _960644 |
||
| 650 |
_aHindi -- Literature _960645 |
||
| 650 |
_aHindi -- Fiction _927248 |
||
| 700 |
_aआलम, खुर्शीद _943761 |
||
| 942 |
_2ddc _cHN _hउ _mचावला |
||
| 999 |
_c115265 _d115265 |
||